000 01393nam a22002777a 4500
999 _c72196
_d72196
005 20191115164547.0
010 _aHIN-97726 B-730926
020 _c300.00
_a9789381063309
035 _aHN-70072
035 _aB-730926
037 _bDBAD / PUB
037 _bडी.बी.ए.डी./ उपहार
082 _a
100 _aगुप्ता, रेणु 'राजवंशी '
245 _aमृत्योर्मामृतं गमयः
_cरेणु 'राजवंशी ' गुप्ता; शोभा पटेल एवं शुभ्रा शर्मा
_bस्तन-कैंसर पर एक शोधपरक उपन्यास /
246 _aMrityoramamritam Gamya
_bby Renu 'Rajvanshi' Gupta
260 _bग्रंथ अकादमी
_c2012
_aनई दिल्ली
270 _a1695 पुराना दरियागंज
_bनई दिल्ली
_e110002
300 1 _a230पृ.
_c22सेमी (सजिल्द)
650 _aHindi Novel
650 _aहिन्दी कथा साहित्य
700 _927483
_aपटेल, शोभा
700 _aशर्मा, शुभ्रा
_954344
942 _adpl
_cHN
_2ddc
_mगुप्तारे
_h